Every Rezvani Car By Picture - Statistics

General Stats
  • This quiz has been taken 22 times
  • The average score is 7 of 9
Answer Stats
Picture Hint Answer % Correct
2014 Beast
100%
2016 Beast Alpha
100%
2015 Beast X
100%
2017-present Tank
100%
2018 Beast Alpha X
86%
2024-present Beast (2024)
71%
2020-present Hercules 6x6
71%
2022-present Vengeance
57%
2024-present Retro RR1
43%
No matching quizzes found
Score Distribution
Percent of People with Each Score
Percentile by Number Answered
Your Score History
You have not taken this quiz